| 000 | 00905cab a22002655a 4500 | ||
|---|---|---|---|
| 001 | L140367 | ||
| 008 | 070919e20070915xxka f 000 0 eng d | ||
| 035 | _a(Sirsi) u140367 | ||
| 041 | 0 | _aeng | |
| 100 | 1 | _aElghamry, Nadia | |
| 245 | 0 | 0 |
_aFocus _bYorkshire special |
| 260 | _c2007 | ||
| 490 | 0 |
_aEstates Gazette _v0737 15 September 2007, 183-223(18) |
|
| 520 | _aReports on: office development and property market in Leeds; profile of Creative Sheffield; mixed use development scheme in Rotherham; Waterfront Quarter development in Huddersfieldregeneration project in Hull. | ||
| 590 | _aka | ||
| 651 | 4 |
_aEngland _y886- |
|
| 690 | _aPROPERTY-COMMERCIAL PROPERTY-COMMERCIAL PROPERTY DEVELOPMENT | ||
| 700 | 1 | _aMorrison, Adrian | |
| 700 | 1 | _aQuinn, David | |
| 700 | 1 | _aNeale, Jon | |
| 700 | 1 | _aPilkington, Lisa | |
| 700 | 1 | _aClarkson, Melanie | |
| 700 | 1 | _aCunningham, Daniel | |
| 942 | _n0 | ||
| 999 |
_c79256 _d79256 |
||